| 000 | 00432nam a2200157Ia 4500 | ||
|---|---|---|---|
| 005 | 20250401120328.0 | ||
| 008 | 231217s9999 xx 000 0 und d | ||
| 020 | _a9788131406847 | ||
| 082 | _a001.53 PAN;1 R | ||
| 100 | _aPanigrahi, Prabinkumar | ||
| 245 | 0 | _aFuzzy object oriented database systems | |
| 260 |
_c2007 _bIcfai Books _aHyderabad |
||
| 300 | _axiv, 269 | ||
| 650 | _aFuzzy,object,oriented,database | ||
| 942 | _cAA | ||
| 999 |
_c189495 _d189495 |
||